Case Studies on Management Strategics (vol-IV) (Record no. 2253)

MARC details
000 -LEADER
fixed length control field 00372nam a22001577a 4500
005 - DATE AND TIME OF LATEST TRANSACTION
control field 20160531144140.0
008 - FIXED-LENGTH DATA ELEMENTS--GENERAL INFORMATION
fixed length control field 160531b xxu||||| |||| 00| 0 eng d
020 ## - INTERNATIONAL STANDARD BOOK NUMBER
ISBN 978-81-314-2141-3
041 ## - LANGUAGE CODE
Language code of text/sound track or separate title eng
082 ## - DEWEY DECIMAL CLASSIFICATION NUMBER
Item number 6403
245 ## - TITLE STATEMENT
Title Case Studies on Management Strategics (vol-IV)
260 ## - PUBLICATION, DISTRIBUTION, ETC. (IMPRINT)
Name of publisher ICFAI Press
300 ## - PHYSICAL DESCRIPTION
Number of Pages 265
650 ## - SUBJECT ADDED ENTRY--TOPICAL TERM
Topical Term Management
942 ## - ADDED ENTRY ELEMENTS (KOHA)
Koha item type Books
Holdings
Lost status Damaged status Collection code Home library Current library Shelving location Date acquired Full call number Accession Number Koha item type
    MANAGEMENT JRU Library JRU Library SHELF-64-M 31/05/2016 6403 6403 Books